书目信息 |
| 题名: |
食物激活免疫力
|
|
| 作者: | 胡献国 编著 | |
| 分册: | ||
| 出版信息: | 青岛 青岛出版社 2021.05 |
|
| 页数: | 149页 | |
| 开本: | 24cm | |
| 丛书名: | ||
| 单 册: | ||
| 中图分类: | R247.1 , TS972.161 | |
| 科图分类: | ||
| 主题词: | 食物疗法--shi wu liao fa--食谱 | |
| 电子资源: | ||
| ISBN: | 978-7-5552-9493-1 | |
| 000 | 01176nam0 2200289 450 | |
| 001 | CAL 0120217204396 | |
| 005 | 20210720174206.4 | |
| 010 | @a978-7-5552-9493-1@dCNY39.80 | |
| 092 | @aCN@bRt984-0899 | |
| 100 | @a20210720d2021 em y0chiy0120 ea | |
| 101 | 0 | @achi |
| 102 | @aCN@b370000 | |
| 105 | @aa z 000yy | |
| 106 | @ar | |
| 200 | 1 | @a食物激活免疫力@Ashi wu ji huo mian yi li@f胡献国编著 |
| 210 | @a青岛@c青岛出版社@d2021.05 | |
| 215 | @a149页@c彩图@d24cm | |
| 314 | @a胡献国, 湖北省第一批知名中医, 行医近50年, 对中医理论及临床应用具有深入研究。先后出版中医著作90余部, 内容涉及中医文化类、中药应用类、中医食疗类、百病中医治疗类、中医外治类等。 | |
| 330 | @a本书详述有效提升免疫力的食物, 通过饮食疗法提升免疫力的食疗方法、不同的体质人群提升免疫力的食养方、一年四季提升免疫力的食疗方、养肺及养五脏提升免疫力的食疗方等, 通过食疗, 让免疫力维持在合理、适度的水平, 做身体的健康卫士, 防止病毒侵袭。 | |
| 606 | 0 | @a食物疗法@Ashi wu liao fa@x食谱 |
| 690 | @aR247.1@v5 | |
| 690 | @aTS972.161@v5 | |
| 701 | 0 | @a胡献国@Ahu xian guo@4编著 |
| 801 | 0 | @aCN@b人天书店@c20210720 |
| 901 | @a山东青岛出版社 | |
| 905 | @aTSG@b0001775@dR247.1@eH511@f2 | |
| 997 | @a期货 | |
| 食物激活免疫力/胡献国编著.-青岛:青岛出版社,2021.05 |
| 149页:彩图;24cm |
| ISBN 978-7-5552-9493-1:CNY39.80 |
| 本书详述有效提升免疫力的食物, 通过饮食疗法提升免疫力的食疗方法、不同的体质人群提升免疫力的食养方、一年四季提升免疫力的食疗方、养肺及养五脏提升免疫力的食疗方等, 通过食疗, 让免疫力维持在合理、适度的水平, 做身体的健康卫士, 防止病毒侵袭。 |
| ● |
| 相关链接 |
|
|
|
正题名:食物激活免疫力
索取号:R247.1/H511
 
预约/预借
| 序号 | 登录号 | 条形码 | 馆藏地/架位号 | 状态 | 备注 |
| 1 | 1538748 | 215387481 | 自科库401/401自科库 10排4列2层/ [索取号:R247.1/H511] | 在馆 | |
| 2 | 1538749 | 215387490 | 自科库401/401自科库 10排4列2层/ [索取号:R247.1/H511] | 在馆 |